都道府県庁(北から南/クリック版) - Statistics

General Stats
  • This quiz has been taken 112 times
  • The average score is 8 of 47
Answer Stats
Hint Extra Hint Answer % Correct
#1 43°03′52″N 北海道
99%
#2 40°49′28″N 青森県
96%
#4 39°42′13″N 岩手県
81%
#6 38°14′26″N 山形県
60%
#3 39°43′07″N 秋田県
59%
#5 38°16′08″N 宮城県
47%
#8 37°45′00″N 福島県
41%
#7 37°54′09″N 新潟県
26%
#9 36°41′43″N 富山県
26%
#12 36°33′57″N 栃木県
22%
#11 36°35′41″N 石川県
18%
#14 36°20′30″N 茨城県
15%
#46 31°33′37″N 鹿児島県
15%
#47 26°12′45″N 沖縄県
15%
#13 36°23′28″N 群馬県
14%
#10 36°39′05″N 長野県
10%
#15 36°03′55″N 福井県
10%
#17 35°41′22″N 東京都
10%
#45 31°54′40″N 宮崎県
10%
#16 35°51′25″N 埼玉県
8%
#22 35°26′52″N 神奈川県
7%
#30 34°41′11″N 大阪府
7%
#19 35°36′16″N 千葉県
5%
#26 35°00′16″N 滋賀県
5%
#43 32°47′23″N 熊本県
5%
#18 35°39′50″N 山梨県
4%
#21 35°28′20″N 島根県
4%
#23 35°23′28″N 岐阜県
4%
#35 34°13′34″N 和歌山県
4%
#37 34°03′57″N 徳島県
4%
#38 33°50′30″N 愛媛県
4%
#39 33°36′23″N 福岡県
4%
#20 35°30′12″N 鳥取県
3%
#24 35°10′49″N 愛知県
3%
#25 35°01′16″N 京都府
3%
#27 34°58′37″N 静岡県
3%
#28 34°43′49″N 三重県
3%
#33 34°23′48″N 広島県
3%
#40 33°33′35″N 高知県
3%
#41 33°14′58″N 佐賀県
3%
#42 33°14′17″N 大分県
3%
#44 32°45′00″N 長崎県
3%
#29 34°41′29″N 兵庫県
1%
#31 34°41′07″N 奈良県
1%
#32 34°39′42″N 岡山県
1%
#34 34°20′24″N 香川県
1%
#36 34°11′09″N 山口県
1%
No matching quizzes found
Score Distribution
Percent of People with Each Score
Percentile by Number Answered
Your Score History
You have not taken this quiz